| 000 | 00566nam a2200217 a 4500 | ||
|---|---|---|---|
| 001 | BRCA_6926 | ||
| 005 | 20190320205638.0 | ||
| 008 | 161111s1948----u--#######---#000-0#eng-# | ||
| 041 | _aeng | ||
| 044 | _au | ||
| 050 | 4 |
_aPZ3 _b.T875Bi _c1948 |
|
| 100 | 1 |
_aTurnbull, Agnes Sligh _917261 |
|
| 245 | 1 | 0 |
_aThe bishop´s mantle _cAgnes Sligh Turnbull |
| 260 |
_aNueva York _bMacmillan _c1948 |
||
| 300 |
_a359 p. _c22 cm. |
||
| 500 | _aEstado físico: camisa rota | ||
| 500 | _aO145 | ||
| 650 | 1 | 4 |
_aLiteratura estadounidense _917262 |
| 902 | _aGFM | ||
| 942 |
_2lcc _cB |
||
| 999 |
_c6608 _d6608 |
||